Etica profesional en ciencias humanas y sociales

Guardat en:
Dades bibliogràfiques
Autor principal: Cobo Suero, Juan Manuel (Autor)
Format: Llibre
Idioma:espanyol
Publicat: Madrid Huerga y Fierro 2001
Edició:1a. ed
Matèries:
Etiquetes: Afegir etiqueta
Sense etiquetes, Sigues el primer a etiquetar aquest registre!

MARC

LEADER 00000nam a2200000 a 4500
001 UCG1908
003 CL-VaPUC
008 100531e20010000SP |||||||||||||||||spa|d
020 |a 8483742470 
082 0 4 |a 174  |b COB  |2 21 
100 0 |a Cobo Suero, Juan Manuel  |e author  |9 550029 
245 1 0 |a Etica profesional en ciencias humanas y sociales 
250 |a 1a. ed 
300 |a 215 p 
942 |c BK 
945 |d 20100531 00:00:00  |a rbrito 
260 |a Madrid  |b Huerga y Fierro  |c 2001 
650 0 |a Etica profesional   |9 255694 
650 0 |a Valores morales   |9 310604 
650 7 |a CONDUCTA ETICA  |2 CL-VaPUC  |9 256932 
583 |a last modification  |c 20100531 00:00:00  |k Rodrigo Vera 
999 |c 341165  |d 341163 
952 |0 0  |1 0  |4 0  |6 174_000000000000000_COB_2001  |7 0  |8 A  |9 436461  |a BIBEDU  |b BIBEDU  |d 2019-11-22  |i 4679326  |o 174 COB 2001  |p 4679326  |r 2019-11-22  |w 2019-11-22  |y BK  |k EBA